[Event "GER-chT Lands U20"]
[Site "Hannover"]
[Date "2012.10.03"]
[Round "7.2"]
[White "Wild, Achim"]
[Black "Elkmann, Janek"]
[Result "0-1"]
[WhiteElo "2122"]
[BlackElo "2021"]
[PlyCount "53"]
[EventDate "2012.09.29"]
[EventType "team-swiss"]
[EventRounds "7"]
[EventCountry "GER"]
[SourceTitle "CBM 150 Extra"]
[Source "ChessBase"]
[SourceDate "2012.10.19"]
[SourceVersion "1"]
[SourceVersionDate "2012.10.19"]
[SourceQuality "1"]
[WhiteTeam "Saarland"]
[BlackTeam "Hessen II"]
[WhiteTeamCountry "GER"]
[BlackTeamCountry "GER"]

1. d4 d5 2. c4 e5 3. dxe5 d4 4. Nf3 Nc6 5. a3 Nge7 6. b3 Bg4 7. g3 Qd7 8. Nbd2 0-0-0 9. h3 Bf5 10. Bb2 Ng6 11. Bg2 Ngxe5 12. Nxe5 Nxe5 13. g4 Bg6 14. f4 Nc6 15. f5 Bxf5 16. gxf5 Qxf5 17. Be4 Qf4 18. Qb1 Bd6 19. Bxc6 bxc6 20. Qe4 Qg3+ 21. Kd1 Kb7 22. Qg4 Qe5 23. Bxd4 Qa5 24. b4 Qa4+ 25. Kc1 Rhe8 26. Kb2 Be5 27. Bxe5 0-1

[Event "GER-chT Lands U20"]
[Site "Hannover"]
[Date "2012.09.29"]
[Round "1.2"]
[White "Schroeder, Jan Christian"]
[Black "Elkmann, Janek"]
[Result "1-0"]
[WhiteElo "2343"]
[BlackElo "2021"]
[PlyCount "39"]
[EventDate "2012.09.29"]
[EventType "team-swiss"]
[EventRounds "7"]
[EventCountry "GER"]
[SourceTitle "CBM 150 Extra"]
[Source "ChessBase"]
[SourceDate "2012.10.19"]
[SourceVersion "1"]
[SourceVersionDate "2012.10.19"]
[SourceQuality "1"]
[WhiteTeam "Hessen"]
[BlackTeam "Hessen II"]
[WhiteTeamCountry "GER"]
[BlackTeamCountry "GER"]

1. e4 e5 2. Nf3 Nc6 3. Bc4 Nf6 4. d3 Be7 5. 0-0 0-0 6. Re1 d6 7. c3 Kh8 8. h3 Ne8 9. d4 exd4 10. cxd4 f5 11. e5 g5 12. Bb3 Ng7 13. Nc3 g4 14. exd6 cxd6 15. hxg4 fxg4 16. Nh2 Rxf2 17. Kxf2 g3+ 18. Kg1 gxh2+ 19. Kxh2 d5 20. Bf4 1-0

[Event "Hessen-ch U18"]
[Site "Bad Homburg"]
[Date "2012.??.??"]
[Round "4"]
[White "Elkmann, Janek"]
[Black "Hahn, Markus"]
[Result "0-1"]
[WhiteElo "2033"]
[BlackElo "2148"]
[PlyCount "124"]
[EventDate "2012.04.??"]
[EventType "swiss"]
[EventRounds "9"]
[EventCountry "GER"]
[SourceTitle "EXT 2015"]
[Source "ChessBase"]
[SourceDate "2014.11.20"]
[SourceVersion "1"]
[SourceVersionDate "2014.11.20"]
[SourceQuality "1"]

1. e4 c5 2. Nf3 e6 3. d3 b6 4. g3 Bb7 5. Bg2 d6 6. 0-0 Nf6 7. Nbd2 Be7 8. Ng5 h6 9. Nh3 h5 10. f4 Ng4 11. Qe2 d5 12. e5 Nc6 13. c3 d4 14. Ne4 dxc3 15. bxc3 Qd7 16. Nhg5 Rd8 17. h3 Nh6 18. Rd1 Nf5 19. g4 hxg4 20. hxg4 Nh4 21. Bh1 Ng6 22. Bg2 Nh4 23. Bh1 Ng6 24. Bg2 c4 25. d4 Na5 26. Be3 Nh4 27. Bh1 Bd5 28. Bf2 Qb7 29. Rf1 Ng6 30. Qf3 Bxg5 31. fxg5 Rxh1+ 32. Qxh1 Bxe4 33. Qh7 Bd3 34. Bg3 Bxf1 35. Rxf1 Qe7 36. Qxg7 Qf8 37. Qf6 Nc6 38. Qf3 Nce7 39. Qb7 Nd5 40. Qxa7 Qe7 41. Qa4+ Rd7 42. Qxc4 Qxg5 43. Qc8+ Qd8 44. Qxd8+ Rxd8 45. Be1 Rc8 46. Rf3 b5 47. Kf1 Ke7 48. Ke2 Ra8 49. Kd3 Rxa2 50. Bd2 Ra3 51. Ke4 Ra1 52. Kd3 Rg1 53. g5 Rg2 54. Rf1 Nh4 55. Rb1 Nf3 56. Be3 Nc7 57. c4 bxc4+ 58. Kxc4 Nd5 59. Kd3 Rg3 60. Rb7+ Kf8 61. Ke2 Nxg5 62. Bf2 Nf4+ 0-1

[Event "GER-ch U14"]
[Site "Willingen"]
[Date "2008.05.11"]
[Round "4"]
[White "Titgemeyer, Sven"]
[Black "Elkmann, Janek"]
[Result "1/2-1/2"]
[WhiteElo "1930"]
[BlackElo "1750"]
[PlyCount "69"]
[EventDate "2008.05.11"]
[EventType "swiss"]
[EventRounds "9"]
[EventCountry "GER"]
[SourceTitle "CBM 124 Extra"]
[Source "ChessBase"]
[SourceDate "2008.07.03"]
[SourceVersion "1"]
[SourceVersionDate "2008.07.03"]
[SourceQuality "1"]

1. e4 e5 2. Nf3 d6 3. d4 exd4 4. Nxd4 Nf6 5. Nc3 Be7 6. Be3 0-0 7. Qd2 c6 8. 0-0-0 b5 9. f3 b4 10. Nce2 a5 11. g4 Bd7 12. Nf5 Bxf5 13. exf5 Nd5 14. f4 a4 15. Bg2 Nxe3 16. Qxe3 Re8 17. Nd4 Bf8 18. Qg3 Qb6 19. f6 b3 20. a3 bxc2 21. Nxc2 Na6 22. g5 Rab8 23. Qc3 Nc5 24. f5 gxf6 25. gxf6 Qb3 26. Qd4 Bh6+ 27. Kb1 Re2 28. Nb4 Rxb4 29. axb4 Qc2+ 30. Ka2 Re3 31. Bd5 cxd5 32. Qxd5 Qb3+ 33. Kb1 Qxd5 34. Rxd5 Ne4 35. b3 1/2-1/2